Top 10 biggest countries in Asia by area - Statistics

General Stats
  • This quiz has been taken 18 times
  • The average score is 9 of 10
Answers on the Map
Answers color-coded by a green-red scale on the quiz's map according to % correct below.
 
Answer Stats
Answer % Correct
china
100%
india
100%
indonesia
100%
iran
100%
kazakhstan
100%
mongolia
100%
saudi arabia
100%
turkey
100%
pakistan
87%
russia
53%
No matching quizzes found
Score Distribution
Percent of People with Each Score
Percentile by Number Answered
Your Score History
You have not taken this quiz